|
|
|
|
| LEADER |
00867cam a2200265 7i4500 |
| 001 |
0000036520 |
| 005 |
20210215090000.0 |
| 007 |
##ta |
| 008 |
210115s2020 my eng |
| 020 |
# |
# |
|a 9783527346189
|
| 040 |
# |
# |
|a MATR
|
| 090 |
0 |
0 |
|a I 620.11223
|b COR
|
| 245 |
0 |
0 |
|a Corrosion Inhibitors in the Oil and Gas Industry /
|c edited by Viswanathan S. Saji, Saviour A. Umoren.
|
| 250 |
0 |
0 |
|a 1st edition.
|
| 264 |
# |
4 |
|a ♭.
|
| 264 |
# |
1 |
|a Weinheim, Germany:
|b Wiley-VCH,
|c 2020.
|
| 300 |
# |
# |
|a xix, 437 pages:
|b illustrations;
|c 30 cm.
|
| 336 |
# |
# |
|a text
|2 rdacontent
|
| 337 |
# |
# |
|a unmediated
|2 rdamedia
|
| 338 |
# |
# |
|a volume
|2 rdacarrier
|
| 504 |
# |
# |
|a Includes bibliographical references and index
|
| 650 |
# |
0 |
|a Corrosion and anti - corrosives
|
| 700 |
1 |
# |
|a Saji, Viswanathan S.,
|
| 700 |
1 |
# |
|a Umoren, Saviour A,
|
| 999 |
|
|
|a 0000041156
|b Book
|c International
|e Business Information Centre
|